Odstúpenie od zmluvy podľa Obchodného zákonníka a podľa Občianskeho zákonníka bakalárska práca

Saved in:
Bibliographic Details
Main Author: Bíró, Oto
Corporate Author: Obchodná fakulta EU. Katedra obchodného práva
Other Authors: Holub, Dušan
Format: Book
Language:Slovak
Published: Bratislava 2011
Tags: Add Tag
No Tags, Be the first to tag this record!

MARC

LEADER 00000nam a2200000 4500
001 0151460
005 20240320072109.8
041 0 |a slo 
044 |a SK 
245 1 0 |a Odstúpenie od zmluvy podľa Obchodného zákonníka a podľa Občianskeho zákonníka  |b bakalárska práca  |c Oto Bíró ; školiteľ: Dušan Holub 
264 1 |a Bratislava  |c 2011 
300 |a 41 s. 
100 1 |a Bíró, Oto 
700 1 |a Holub, Dušan 
710 2 |a Obchodná fakulta EU. Katedra obchodného práva